000 00375 a2200169 4500
001 187644
020 _a978-85-262-8103-5
040 _cMagnum
100 _aBaraúna, Odete Rodrigues
240 1 0 _aPoesia pela cidadania
_lpor
245 1 0 _aPoesia pela cidadania
300 _a31
362 0 _a2014
440 1 _aScipione
697 _aLITERATURA INFANTO
942 _cBK
999 _c187644
_d187644